| 000 | 00399cam a2200145 4500 | ||
|---|---|---|---|
| 040 | _cDLC | ||
| 082 | 0 | 0 | _a574 ADD 1969 A023 Or. |
| 100 | 1 | _aSchefler, William C. | |
| 245 | 1 | 0 | _aStatistics for the biological sciences |
| 260 |
_aReading, Mass., _bAddison-Wesley _c[1969] |
||
| 300 |
_a231 p. _billus. _c24 cm. |
||
| 490 | 0 | _aAddison-Wesley series in life science | |
| 650 | 0 | _aBiometry. | |
| 942 | _cEK | ||
| 999 |
_c16311 _d16311 |
||